Microempresa rural de alimentos MERA
Guardat en:
| Autors principals: | , , |
|---|---|
| Format: | Llibre |
| Idioma: | espanyol |
| Publicat: |
Cali
CIID
1991
|
| Matèries: | |
| Etiquetes: |
Afegir etiqueta
Sense etiquetes, Sigues el primer a etiquetar aquest registre!
|
MARC
| LEADER | 00000nam a2200000 a 4500 | ||
|---|---|---|---|
| 001 | UCT6116 | ||
| 003 | CL-VaPUC | ||
| 005 | 20250102145037.0 | ||
| 008 | 961230e19910000ck 1 spa d | ||
| 082 | 0 | 4 | |a 338.642 |b EDW |2 21 |
| 100 | 1 | |a Edwardson, William |e author |9 618154 | |
| 700 | 1 | |a Rozo, Camilo |e author |9 618155 | |
| 700 | 1 | |a Romero, Arturo |e author |9 618156 | |
| 245 | 1 | 0 | |a Microempresa rural de alimentos MERA |
| 260 | |a Cali |b CIID |c 1991 | ||
| 300 | |a 100 p | ||
| 583 | |a last modification |c 19961230 00:00:00 |k Rodrigo Vera | ||
| 650 | 0 | 7 | |a MICROEMPRESAS |2 CL-VaPUC |9 373511 |
| 650 | 0 | 0 | |a Zonas rurales |9 317366 |
| 650 | 0 | 0 | |a Alimentos |9 256203 |
| 650 | 0 | 0 | |a Agroindustrias |9 376001 |
| 650 | 0 | 0 | |a Desarrollo económico |9 259599 |
| 650 | 0 | 0 | |a Transferencia de tecnología |9 259659 |
| 650 | 0 | 7 | |a ORGANIZACION HUMANA |2 CL-VaPUC |9 402353 |
| 650 | 0 | 0 | |a Empresas |9 255569 |
| 650 | 0 | 7 | |a CAMPESINOS |2 CL-VaPUC |9 315355 |
| 651 | 0 | |a Latinoamérica |9 316393 | |
| 651 | 7 | |a ISLAS CARIBES |2 CL-VaPUC |9 255533 | |
| 942 | |c BK | ||
| 945 | |a nastorga |d 19961230 00:00:00 | ||
| 546 | |a En Español | ||
| 518 | |p Memorias del I Taller Seminario Nacional, Periconegro, Cauca, Colmbia, 12-13 junio 1990 | ||
| 999 | |c 382807 |d 382805 | ||
| 952 | |0 0 |1 0 |4 0 |6 338_642000000000000_EDW_1991 |7 0 |8 A |9 504696 |a BIBGIM |b BIBGIM |d 2020-01-23 |i 326419K |o 338.642 EDW 1991 |p 326419K |r 2025-01-15 |w 2020-01-23 |y BK |k SSL | ||